| 000 | 00543nam a2200205Ia 4500 | ||
|---|---|---|---|
| 005 | 20220427151516.0 | ||
| 008 | 140110s9999 xx 000 0 und d | ||
| 020 |
_a9780618719150 _cRs.2666.00 |
||
| 040 | _aLoreto College | ||
| 041 | _aEnglish | ||
| 082 |
_a342.973 _bLAS |
||
| 100 | _aLasser, William | ||
| 245 |
_aPerspectives on American politics _cWilliam Lasser |
||
| 250 | _a5th ed | ||
| 260 |
_aBoston _bHoughton Mifflin Company _c2008 |
||
| 300 | _axxviii,400p | ||
| 650 | _aPolitics-American | ||
| 850 | _aLCLIB | ||
| 942 | _cBK | ||
| 999 |
_c36874 _d87353 |
||